MULTIPURPOSE tree species for small-farm use : proceedings of an international workshop held November 2-5, 1987, in Pattaya, Thailand

Bibliographic Details
Corporate Authors: FAO Regional Office for Asia and the Pacific, International Development Research Centre (IDRC), Winrock International Institute for Agricultural Development
Other Authors: Withington
Format: Book
Published: Arlington, Va. : Winrock International Institute for Agricultural Development, USA ; Ottawa, Canada : International Development Research Centre of Canada , 1988
Subjects:

MARC

LEADER 00000cam a2200000 7i4500
001 0000001321
005 20140418.0
020 0 0 |a 0933595182 
090 0 0 |a 634.9   |b MUL 1988 
245 0 0 |a MULTIPURPOSE tree species for small-farm use : proceedings of an international workshop held November 2-5, 1987, in Pattaya, Thailand   |c editors, Dale Withington ... [et al.] 
260 0 0 |a Arlington, Va. :   |b Winrock International Institute for Agricultural Development, USA ; Ottawa, Canada :   |b International Development Research Centre of Canada ,   |c 1988 
300 |a 282 p. :   |b ill. ;   |c 24 cm. 
500 0 0 |a Includes bibliographies 
650 0 0 |a Farms, Small   |z Asia   |x Congresses 
650 0 0 |a Multipurpose trees   |z Asia   |x Congresses 
700 0 1 |a Withington   |h Dale 
710 1 1 |a FAO Regional Office for Asia and the Pacific 
710 1 1 |a International Development Research Centre (IDRC) 
710 1 1 |a Winrock International Institute for Agricultural Development 
998 |a JPSM 
999 |a 0000002201   |b Monograph   |c Open Shelf   |e Default branch